Αριστοτέλους μετά τα φυσικά
Αποθηκεύτηκε σε:
| Κύριος συγγραφέας: | |
|---|---|
| Άλλοι συγγραφείς: | |
| Μορφή: | Βιβλίο |
| Γλώσσα: | Greek |
| Δημοσίευση: |
Αθήνα :
Πάπυρος,
c1975
|
| Σειρά: | Βιβλιοθήκη "Παπύρου". Τα άπαντα των αρχαίων Ελλήνων συγγραφέων.
|
| Θέματα: | |
| Ετικέτες: |
Προσθήκη ετικέτας
Δεν υπάρχουν, Καταχωρήστε ετικέτα πρώτοι!
|
MARC
| LEADER | 00000cam a2200000 i 4500 | ||
|---|---|---|---|
| 001 | 1/39355 | ||
| 008 | 961015s1975 gr | ||| |||| ||gre|| | ||
| 035 | |l 10025028 | ||
| 040 | |a GR-MY-UA |b gre |e aacr | ||
| 041 | 0 | |a gre | |
| 082 | 0 | |a 185 | |
| 100 | 0 | |a Αριστοτέλης, |d 384-322 π.Χ. | |
| 245 | 1 | 0 | |a Αριστοτέλους μετά τα φυσικά / |c Αριστοτέλης |
| 260 | |a Αθήνα : |b Πάπυρος, |c c1975 | ||
| 490 | 1 | |a Τα άπαντα των αρχαίων Ελλήνων συγγραφέων | |
| 650 | 0 | 0 | |a Philosophy, Ancient. |
| 700 | 1 | |a Κυργιόπουλος, Νίκος. |4 trl | |
| 830 | 0 | |a Βιβλιοθήκη "Παπύρου". |p Τα άπαντα των αρχαίων Ελλήνων συγγραφέων. | |
| 852 | |a INST |b CHIOS |e 19961015 |h 185 ΑΡΙ |p 005200011330 |q 005200011330 |t BK |y 0 |z τ.2 | ||
| 852 | |a INST |b CHIOS |e 19961015 |h 185 ΑΡΙ |p 005200011330 |q 005200011330 |t BK |v τ.2: |y 0 |z τ.2 | ||
| 853 | |a INST |b CHIOS |h 185 ΑΡΙ | ||
| 909 | |a Χ |b 047490 | ||